Normal view
MARC view
Entry Personal Name
001 - CONTROL NUMBER
- control field: 794241
003 - CONTROL NUMBER IDENTIFIER
- control field:
005 - DATE AND TIME OF LATEST TRANSACTION
- control field: 20210627055110.0
008 - FIXED-LENGTH DATA ELEMENTS
- fixed length control field: 210627|| aca||aabn | a|a d
040 ## - CATALOGING SOURCE
- Original cataloging agency:
- Transcribing agency:
100 ## - HEADING--PERSONAL NAME
- Personal name: White, C. Arnold
670 ## - SOURCE DATA FOUND
- Source citation: Work cat.: ()665752: Mackenzie, M. Muir 794240, Willson's Supreme court of judicature acts, rules and forms :, 1886
